000 01328nam a2200361 a 4500
001 118725
003 FlNmELB
005 20241217175006.0
006 m o d |
007 cr cn|||||||||
008 201002r2010 xxu|||||s|||||||||||spa d
020 _z9781449222581
035 _a(MiAaPQ)EBC3186961
035 _a(Au-PeEL)EBL3186961
035 _a(CaPaEBR)ebr10365285
035 _a(OCoLC)928971081
040 _aFlNmELB
_bspa
_cFlNmELB
050 4 _aDS525
_bH673 2010
080 _a94(5-012)
082 0 4 _a959
_222
245 0 0 _aHistoria universal
_h[recurso electronico] :
_bAsia Sudoriental /
_cEquipo de redacción de Editorial Playor ; bajo la dirección de René Almagro.
260 _a[Miami, FL] :
_b[Firmas Press],
_c[2010?]
300 _a160 p.
440 0 _aBiblioteca de aula
500 _aProyecto considerado de interés cultural y educativo por la UNESCO.
533 _aRecurso electrónico. Santa Fe, Arg.: e-libro, 2015. Disponible vía World Wide Web. El acceso puede estar limitado para las bibliotecas afiliadas a e-libro.
650 4 _aHistoria
_zAsia Sudoriental.
651 4 _aSoutheast Asia
_xHistory.
655 4 _aLibros electrónicos.
700 1 _aAlmagro, René,
_edir.
710 2 _ae-libro, Corp.
856 4 0 _uhttps://elibro.net/ereader/politecnicointernacional/36429
999 _c118725
_d118725